Edades radiométricas y petrografía de granitos chilenos: muestras Chile 13 a Chile 36

Saved in:
书目详细资料
Main Authors: Levi de Valenzuela, Beatriz (Author), Mehech, Sonia (Author), Munizaga, Fernando (Author)
格式: 图书
语言:西班牙语
出版: Santiago Instituto de Investigaciones Geológicas 1963
丛编:Boletín, 12
主题:
标签: 添加标签
没有标签, 成为第一个标记此记录!

MARC

LEADER 00000nam a2200000 a 4500
001 UCK1486
003 CL-VaPUC
008 041112e19630000CL |||||||||||||||||spa|d
082 0 4 |a 552.3  |b LEV  |2 21 
100 |a Levi de Valenzuela, Beatriz  |e author  |9 489390 
700 0 |a Mehech, Sonia  |e author  |9 489391 
700 0 |a Munizaga, Fernando  |e author  |9 489392 
245 1 0 |a Edades radiométricas y petrografía de granitos chilenos: muestras Chile 13 a Chile 36 
300 |a 42 p 
942 |c BK 
945 |d 20041112 00:00:00  |a cmena 
260 |a Santiago  |b Instituto de Investigaciones Geológicas  |c 1963 
650 0 |a Rocas  |9 266105 
650 0 |a Recursos naturales  |9 255232 
650 7 |a RECURSOS MINERALES  |2 CL-VaPUC  |9 351120 
650 7 |a PETROGRAFIA  |2 CL-VaPUC  |9 362415 
583 |a last modification  |c 20041112 00:00:00  |k Rodrigo Vera 
490 0 |a Boletín, 12 
999 |c 311455  |d 311453 
952 |0 0  |1 0  |4 0  |6 552_300000000000000_LEV_1963  |7 0  |8 F  |9 380838  |a BIBING  |b BIBING  |d 2019-11-21  |i 4041259  |o 552.3 LEV 1963  |p 4041259  |r 2025-01-20  |w 2019-11-21  |y BK_F  |k GEO